Normal view
MARC view
- Soclof, Sidney
Entry Personal Name
001 - CONTROL NUMBER
- control field: 57067
003 - CONTROL NUMBER IDENTIFIER
- control field: NUST
005 - DATE AND TIME OF LATEST TRANSACTION
- control field: 20210628201837.0
008 - FIXED-LENGTH DATA ELEMENTS
- fixed length control field: 210628|| aca||aabn | a|a d
040 ## - CATALOGING SOURCE
- Original cataloging agency: NUST
- Transcribing agency: NUST
100 ## - HEADING--PERSONAL NAME
- Personal name: Soclof, Sidney
670 ## - SOURCE DATA FOUND
- Source citation: Work cat.: (NUST): Soclof, Sidney, Design and applicaitons of analog integrated circuits, 2004
